TRINEOS Y ESKIMALES: ENTRE ALASKA Y MEXICO, 1952-1956/

保存先:
書誌詳細
第一著者: Llorente, Segundo (autor)
フォーマット: 図書
シリーズ:LUZ DE LAS GENTES
主題:
タグ: タグ追加
タグなし, このレコードへの初めてのタグを付けませんか!

MARC

LEADER 00000nam^a2200000^a^4500
001 000225386
005 20250521000000.0
009 20260310104123.996
035 |a 005361 
037 |a Acervo Xavier Clavigero 
082 |a 255. 5309798 LLO 
100 |a Llorente, Segundo  |e (autor) 
245 1 0 |a TRINEOS Y ESKIMALES:  |b ENTRE ALASKA Y MEXICO, 1952-1956/  |c SEGUNDO LLORENTE, S.J 
264 |a BILBAO :  |b EL SIGLO DE LAS MISIONES,  |c 1957 
300 |a 256p. 2ej. 
336 |a texto  |b txt  |2 rdacontenido 
337 |a sin mediación  |b n  |2 rdamedio 
338 |a volumen  |b nc  |2 rdasoporte 
440 |a LUZ DE LAS GENTES 
649 |a XX 
650 |a Jesuitas en Alaska 
910 |a Fondo General 
920 |a Impresos - Libros 
930 |a Colección General 
905 |a 101 
901 |a 005361  |b IT1  |c ACC  |i 005361  |u 20250521 
901 |a 044337  |b IT1  |c ACC  |i 044337  |u 20250521 
902 |a https://opac.biblio.iteso.mx/vufind/Record/000225386